Aventura matemática 7/1 /

Guardado en:
Autor Principal: Díaz, Adriana
Otros Autores: Lanza, Pierina, Rossetti, Alejandro, Tasca, Fabiana
Formato: Libro
Publicado: Buenos Aires : Aique, 2010
Series:Primaria
Materias:
Etiquetas: Agregar Etiqueta
Sin Etiquetas, Sea el primero en etiquetar este registro!
LEADER 00861nam a22002655a 4500
001 CEM.cems013289
005 20100315094448.0
008 130507s2010##################000#0#####d
003 CEMS
020 |a 9789870602453 
082 0 4 |a 510 
100 1 |a Díaz, Adriana 
245 1 0 |a Aventura matemática 7/1 /  |c Coordinadora Adriana Díaz 
260 |a Buenos Aires :  |b Aique,  |c 2010 
300 |a 224 p. 
490 0 |a Primaria 
505 0 |a Números naturales -- Números racionales -- Proporcionalidad -- Geometría y medida 
653 |a Matemática 
653 |a Matemática-7º egb 
653 |a Matemática-1º es 
700 1 |a Lanza, Pierina 
700 1 |a Rossetti, Alejandro 
700 1 |a Tasca, Fabiana 
859 |a CEMS  |b BIB. CEMS - 11 de abril  |h 510  |i D543  |p 25776.10  |t Ej.1  |v 1º  |3 1º 
859 |a CEMS  |b BIB. CEMS - 11 de abril  |h 510  |i D543  |p 25811.10  |t Ej.2  |v 1º  |3 1º